1144 1150 1498 1358 1582 1202 1982 1440 1870 1836 1658 1681 1782 1490 1943 1243 1758 1905 1270 1036 1094 1252 1918 1572 1304 1682 1595 1130 1126 1667 1963 1155 1302 1977 1322 1426 1252 1492 1370 1958 1473 1637 1002 1443 1388 1196 1018 1071 1411 1895 1061 1148 1999 1484 1705 1043 1081 1245 1448 1212 1798 1187 1760 1138 1306 1904 1353 1681 1693 1721 1606 1576 1444 1771 1509 1729 1391 1123 1173 1322 1294 1847 1279 2000 1692 1370 1485 1986 1768 1822 1740 1584 1466 1282 1970 1118 1832 1912 1492 BCNSPRNW ULIB Ver.6.0+V

เปลี่ยนเป็นภาษาไทย

Change to English
 แสดงรายละเอียดบรรณานุกรม
  กลับหน้าหลัก

Brief Record : Get Marc (ISO 2709) : E-mail record : QR code < ปิดหน้าต่าง
LEADER : 00000nam 2200000uu 4500
001    13399125407
003     ULIB
008    170526s2559||||th 000 0 tha d
020    ^a9786167287836
060 04 ^aWY100^bอ498ก 2559
245 00 ^aการพยาบาลพื้นฐาน :^bปฏิบัติการพยาบาล = Fundamentals of nursing : nursing practice /^cอัจฉรา พุ่มดวง บรรณาธิการ
246 31 ^aFundamentals of nursing : nursing practice
250    ^aพิมพ์ครั้งที่ 4
260    ^aกรุงเทพฯ :^bภาควิชาการพยาบาลพื้นฐานวิทยาลัยพยาบาลสภากาชาดไทย,^c2559
300    ^aก-ฐ, 404 หน้า :^bภาพประกอบ ;^c30 ซม.
650  7 ^aการพยาบาล
650  7 ^aการพยาบาล, การบริการ
650  7 ^aผู้ป่วย, การดูแล
700 0  ^aอัจฉรา พุ่มดวง
710 2  ^aวิทยาลัยพยาบาลสภากาชาดไทย. ^bภาควิชาการพยาบาลพื้นฐาน
945    ^p350^l0^i24467
945    ^p350^l0^i24468
945    ^p350^l0^i24470
945    ^p350^l0^i24471
945    ^p350^l0^i24472
945    ^p350^l0^i24473
945    ^p350^l0^i24474
945    ^p350^l0^i24475
945    ^p350^l0^i24476
945    ^p350^l0^i24479
995    ^aกัณชพร
999    ^aกัณชพร
รายการนี้ยังไม่มีแท็ก
คุณยังไม่ได้ล็อกอิน คุณสามารถมีกิจกรรมร่วมกับเว็บไซต์ได้ แต่ต้องล็อกอินก่อน ::
  ล็อกอิน

รายการสื่อสารสนเทศ

ลำดับที่ ประเภท เลขเรียก/บาร์โค้ด สถานที่ สถานะ
1. หนังสือสำรอง
หนังสือสำรอง
WY100 อ498ก 2559 ฉ.1 
  Barcode: 24467
ห้องสมุดวิทยาเขตนครสวรรค์
►หนังสือทั่วไป:l:General Books
บนชั้น
2. วิทยาศาสตร์การแพทย์ และสุขภาพ
วิทยาศาสตร์การแพทย์ และสุขภาพ
WY100 อ498ก 2559 ฉ.10 
  Barcode: 24479
ห้องสมุดวิทยาเขตนครสวรรค์
►หนังสือทั่วไป:l:General Books
บนชั้น
3. วิทยาศาสตร์การแพทย์ และสุขภาพ
วิทยาศาสตร์การแพทย์ และสุขภาพ
WY100 อ498ก 2559 ฉ.2 
  Barcode: 24468
ห้องสมุดวิทยาเขตนครสวรรค์
►หนังสือทั่วไป:l:General Books
ถูกยืม กำหนดส่งวันที่ 31 สิงหาคม 2568
  จอง
4. วิทยาศาสตร์การแพทย์ และสุขภาพ
วิทยาศาสตร์การแพทย์ และสุขภาพ
WY100 อ498ก 2559 ฉ.3 
  Barcode: 24470
ห้องสมุดวิทยาเขตนครสวรรค์
►หนังสือทั่วไป:l:General Books
บนชั้น
5. วิทยาศาสตร์การแพทย์ และสุขภาพ
วิทยาศาสตร์การแพทย์ และสุขภาพ
WY100 อ498ก 2559 ฉ.4 
  Barcode: 24471
ห้องสมุดวิทยาเขตนครสวรรค์
►หนังสือทั่วไป:l:General Books
บนชั้น
6. วิทยาศาสตร์การแพทย์ และสุขภาพ
วิทยาศาสตร์การแพทย์ และสุขภาพ
WY100 อ498ก 2559 ฉ.5 
  Barcode: 24472
ห้องสมุดวิทยาเขตนครสวรรค์
►หนังสือทั่วไป:l:General Books
บนชั้น
7. วิทยาศาสตร์การแพทย์ และสุขภาพ
วิทยาศาสตร์การแพทย์ และสุขภาพ
WY100 อ498ก 2559 ฉ.6 
  Barcode: 24473
ห้องสมุดวิทยาเขตนครสวรรค์
►หนังสือทั่วไป:l:General Books
บนชั้น
8. วิทยาศาสตร์การแพทย์ และสุขภาพ
วิทยาศาสตร์การแพทย์ และสุขภาพ
WY100 อ498ก 2559 ฉ.7 
  Barcode: 24474
ห้องสมุดวิทยาเขตนครสวรรค์
►หนังสือทั่วไป:l:General Books
บนชั้น
9. วิทยาศาสตร์การแพทย์ และสุขภาพ
วิทยาศาสตร์การแพทย์ และสุขภาพ
WY100 อ498ก 2559 ฉ.8 
  Barcode: 24475
ห้องสมุดวิทยาเขตนครสวรรค์
►หนังสือทั่วไป:l:General Books
บนชั้น
10. วิทยาศาสตร์การแพทย์ และสุขภาพ
วิทยาศาสตร์การแพทย์ และสุขภาพ
WY100 อ498ก 2559 ฉ.9 
  Barcode: 24476
ห้องสมุดวิทยาเขตนครสวรรค์
►หนังสือทั่วไป:l:General Books
บนชั้น

รายการใกล้เคียง
    หัวเรื่อง [การพยาบาล]
    หัวเรื่อง [การพยาบาล, การบริการ]
    หัวเรื่อง [ผู้ป่วย, การดูแล]

BibComment


ยังไม่เคยถูกคอมเมนท์

คอมเมนท์ทรัพยากรรายการนี้
  คอมเมนท์: การพยาบาลพื้นฐาน..


 Copyright 2026. Bcnsprnw @Library